[Event "43rd Dortmund Meeting"]
[Site "Dortmund GER"]
[Date "2015.06.30"]
[Round "3"]
[White "Kramnik, Vladimir"]
[Black "Nepomniachtchi, Ian"]
[WhiteElo "2783"]
[BlackElo "2720"]
[Result "1-0"]
[EventDate "2015.06.27"]
[PlyCount "109"]

1.Nf3 Nf6 2.g3 c5 3.Bg2 g6 4.c4 Bg7 5.d4 cxd4 6.Nxd4 d5 7.Nc3 dxc4 8.Qa4+ 
Nbd7 9.O-O O-O 10.Rd1 Nb6 11.Qa3 Qd6 12.Qxd6 exd6 13.a4 a6 14.Bf4 Ne8 15.
Rac1 a5 16.Ndb5 Bd7 17.Bxd6 Nxd6 18.Rxd6 Bc6 19.Bxc6 bxc6 20.Rxc6 Rab8 21.
Rc5 Rfd8 22.Na7 Rd2 23.Rb5 Nd7 24.Rxb8+ Nxb8 25.Ncb5 Nd7 26.Rxc4 Bxb2 27.
Kf1 Nb6 28.Re4 f5 29.Re8+ Kf7 30.Rb8 Nxa4 31.Nc6 Nc3 32.Nxa5 Rd1+ 33.Kg2 
Nxe2 34.Nc4 Ba1 35.Nbd6+ Kg7 36.Rb7+ Kg8 37.Re7 Nc3 38.h4 Nd5 39.Rd7 h5 
40.Ra7 Bd4 41.Ra8+ Kg7 42.Rd8 Ba1 43.Nb6 Nc3 44.Nbc8 Kf6 45.Rd7 Nd5 46.Nb6
Be5 47.Nb7 Nc3 48.Nd8 g5 49.Rxd1 Nxd1 50.Nd7+ Ke7 51.Nxe5 Kxd8 52.hxg5 Ke7
53.f4 Nc3 54.Kh3 Ne4 55.Kh4 1-0

[Event "43rd Dortmund Meeting"]
[Site "Dortmund GER"]
[Date "2015.06.30"]
[Round "3"]
[White "Meier, Georg"]
[Black "Caruana, Fabiano"]
[WhiteElo "2654"]
[BlackElo "2805"]
[Result "0-1"]
[EventDate "2015.06.27"]
[PlyCount "102"]

1.Nf3 d6 2.d4 g6 3.e4 Bg7 4.Be2 Nd7 5.c4 e5 6.Nc3 Ne7 7.h4 h6 8.g4 Nb6 9.
g5 hxg5 10.Bxg5 Bg4 11.d5 f6 12.Be3 Bh6 13.Qd3 Bh5 14.O-O-O Kf7 15.Rdg1 
Qd7 16.Bxh6 Rxh6 17.Bf1 Rah8 18.Bh3 Qd8 19.Ne1 c6 20.b3 Nd7 21.Qe3 cxd5 
22.cxd5 Nc5 23.b4 Nd7 24.Qxa7 Qc7 25.Qe3 Nb6 26.Kb1 Kg7 27.Nb5 Qd8 28.f3 
Rf8 29.Rg2 f5 30.Rc2 Na8 31.Qa7 fxe4 32.fxe4 Rf4 33.Bg2 Bd1 34.Rd2 Bg4 35.
Qxb7 Rf7 36.Qa6 Nb6 37.Nd3 Nc4 38.Rc2 Bc8 39.Qa8 Ne3 40.Re2 Nxg2 41.Rxg2 
Qb6 42.a4 Qe3 43.Rd1 Rf1 44.Rxf1 Qxd3+ 45.Rc2 Qxf1+ 46.Kb2 Qe1 47.Qa7 
Qxb4+ 48.Ka2 Kf6 49.Rf2+ Nf5 50.exf5 Bxf5 51.Qa8 Rxh4 0-1